000 00686nam a2200241Ia 4500
003 OSt
005 20220918175044.0
006 a|||||r|||| 00| 0
007 ta
008 220917b |||||||| |||| 00| 0 eng d
024 _a15,447
037 _cTextual
040 _aARTS
_cARTS
_beng
041 _2eng
_aeng
082 _aO111:gN, N7
100 _aWaugh Patricia ed
_952721
245 0 _aRevolutions of the word
_b Intellectual contexts for the study of modern literature
260 _aLondon
_bArnold
_c1997
300 _axii,297p.
_ccm.
650 _aENGLISH LITERATURE
942 _hO111:gN, N7
_cTEXL
_2CC
999 _c155846
_d155846